| 000 | 00604 a2200157 4500 | ||
|---|---|---|---|
| 003 | Nust | ||
| 005 | 20230307115130.0 | ||
| 040 | _cNust | ||
| 082 | _a342.02,STA | ||
| 245 |
_aEnglish institutions / _cLord Stamp (editor) |
||
| 260 |
_aLondon _bCambridge _c1950 |
||
| 300 | _a232 p. | ||
| 505 | _aGovernment By The People (Page-1), Government By Party (Page-31), The House Of Common (Page-64), The Monarchy (Page-103), Administration (Page-114), Cabinet Government (Page-142), Government In War Time (Page-189), British Democracy (Page-209). | ||
| 650 |
_aEnglish institutions _9109941 |
||
| 942 |
_2ddc _cBK |
||
| 999 |
_c184569 _d184569 |
||